000 00319nam a2200121Ia 4500
008 240624s9999 xx 000 0 und d
041 _aeng
082 _a658.049 RAO
100 _aRAO P SUBBA
245 _aINTERNATIONAL BUSINESS TEXT AND CASES
260 _c2005
_aMumbai
_bHimalaya
300 _axxiv, : 582 : p. : cm. ; 24
999 _c2653
_d2653